Statistics for Countries with the Most Hindu Temples

Click here to take the quiz!

General Stats

  • This quiz has been taken 49 times
  • The average score is 10 of 15

Answer Stats

No. of TemplesAnswer% Correct
2 000 000India
100%
40 438Bangladesh
98%
365Pakistan
96%
519Nepal
93%
903United States
89%
21 540Indonesia
87%
189United Kingdom
82%
3 200Malaysia
80%
134Fiji
56%
53Vietnam
56%
164South Africa
53%
300Mauritius
42%
300Trinidad and Tobago
38%
89Guyana
33%
100Kenya
33%

Score Distribution

Percentile by Number Answered

Percent of People with Each Score

Your Score History

You have not taken this quiz